书目信息 |
| 题名: |
空战王牌
|
|
| 作者: | ;北京大陆桥文化传媒 编译 | |
| 分册: | ||
| 出版信息: | 重庆 重庆出版社 2007.05 |
|
| 页数: | 191页 | |
| 开本: | 22cm | |
| 丛书名: | ||
| 单 册: | ||
| 中图分类: | E19 | |
| 科图分类: | ||
| 主题词: | 第一次世界大战战役(1914-1918)--di yi ci shi jie da zhan zhan yi(1914-1918)--空战 , 第二次世界大战战役(1939-1945)--di er ci shi jie da zhan zhan yi(1939-1945)--空战 | |
| 电子资源: | ||
| ISBN: | 978-7-5366-8665-6 | |
| 000 | 00960nam0 2200241 450 | |
| 001 | 012008514503 | |
| 005 | 20080602104547.25 | |
| 010 | @a978-7-5366-8665-6@dCNY23.00 | |
| 100 | @a20080602d2007 em y0chiy0120 ea | |
| 101 | 0 | @achi |
| 102 | @aCN@b500000 | |
| 105 | @aa z 000yy | |
| 106 | @ar | |
| 200 | 1 | @a空战王牌@Akong zhan wang pai@f北京大陆桥文化传媒编译@Fbei jing da lu qiao wen hua chuan mei bian yi |
| 210 | @a重庆@c重庆出版社@d2007.05 | |
| 215 | @a191页@c图@d22cm | |
| 330 | @a王牌飞行员是战争造就出的极品,本书真实再现界空战史上空战王牌捕击长空的英姿和传奇,与你分享他们的飞扬和落寞。 | |
| 606 | 0 | @a第一次世界大战战役(1914-1918)@Adi yi ci shi jie da zhan zhan yi(1914-1918)@x空战 |
| 606 | 0 | @a第二次世界大战战役(1939-1945)@Adi er ci shi jie da zhan zhan yi(1939-1945)@x空战 |
| 690 | @aE19@v4 | |
| 711 | 02 | @a北京大陆桥文化传媒@Abei jing da lu qiao wen hua chuan mei@4编译 |
| 801 | 0 | @aCN@bQSSK@c20080602 |
| 905 | @b721234-36@dE19@eB373@f3 | |
| 空战王牌/北京大陆桥文化传媒编译.-重庆:重庆出版社,2007.05 |
| 191页:图;22cm |
| ISBN 978-7-5366-8665-6:CNY23.00 |
| 王牌飞行员是战争造就出的极品,本书真实再现界空战史上空战王牌捕击长空的英姿和传奇,与你分享他们的飞扬和落寞。 |
| ● |
| 相关链接 |
|
|
|
正题名:空战王牌
索取号:E19/B373
 
预约/预借
| 序号 | 登录号 | 条形码 | 馆藏地/架位号 | 状态 | 备注 |
| 1 | 721234 | 207212345 | 社科库509/509社科库 114排2列1层/ [索取号:E19/B373] | 在馆 | |
| 2 | 721235 | 207212354 | 社科库509/509社科库 114排2列1层/ [索取号:E19/B373] | 在馆 | |
| 3 | 721236 | 207212363 | 社科库509/509社科库 114排2列1层/ [索取号:E19/B373] | 在馆 |